000 01094nam a2200301 i 4500
001 000017203
003 DO-SdBNP
005 20250729141637.0
007 ta
008 100319s2007 dr a 001 0 spa d
040 _aDO-SdBNP
_bspa
_cBNPHU
_erda
041 _aspa
082 4 _a372.423
_bG861g
_222
100 1 _aGrimaldi Silié, Eleanor,
_d1948-
_eautor
_985713
_4aut.
245 1 0 _aGuía para entrenamiento de promotores de lectura /
_cEleanor Grimaldi Silié ; correcc1ón, Armando Almánzar Botello
264 1 _aSanto Domingo, República Dominicana :
_bSecretaría de Estado de Cultura,
_c2007.
300 _a89 páginas :
_bilustraciones ;
_c23 cm.
336 _atexto
_btxt
_2rdacontent
337 _asin mediación
_bn
_2rdamedia
338 _avolumen
_bnc
_2rdacarrier
504 _aBibliografía: páginas 82-89
590 _aInventariado, 2025/BT
650 4 _aPromoción de la lectura
_97321
650 4 _aAnimación a la lectura
_973527
700 1 _aAlmánzar Botello, Armando,
_ecorrector
_4corr.
_979457
910 _aValidado. Control de Calidad/MAA
942 _2ddc
_cLBS1
999 _c16729
_d16729